000 004090000a22001690004500
003 MACL
005 20160130142032.0
008 160130b xxu||||| |||| 00| 0 eng d
040 _aMACL
_cMACL
041 _aEnglish
082 _a823/KUR
100 _aKureishi, Hanif
_936105
245 _aThe Buddha of Suburbia
260 _bFaber and Faber
_c1990
650 _aFiction
_936106
942 _cBK
_k823/Kur
_2ddc
999 _c31110
_d31110